00411nam a2200121Ia 4500008004100000050002200041245008800063260004000151300001700191650003200208980003200240999001700272151021s9999 xx 000 0 und d aHC 865 .K47 2013  a_Trans Nzoia County Development Profile/ Kenya ministry of devolution and planning  aNairobi : Government Printer, 2013  axvii,121 p.  a_County Vision and Mission  a^d20140317 03:41:47^omwanik c14793d14793